LEADER 01242nam a2200301 u 4500 001 000000076270 003 CaOOAMICUS 005 20070226123207.0 008 031117s2002 it u000 u ita u 020 $a8884830796 035 $a10976535 040 $aPUL$bita 245 00$aCorpi e libertà :$btrasformazioni antropologiche del presente. 260 $aMilano :$bAssociazione culturale Eterotopia,$c2002. 300 $a213 p. ;$c24 cm 490 1 $aMillepiani 500 $aTesto su due colonne. 500 $aContributi di Baruch Spinoza (et al...). 504 $aBibliografia in appendice. 650 4$aLibertà (filosofia).$0(OLS)http://pul/subject/9862 700 1 $aSpinoza, Benedictus de,$d1632-1677.$0(OLS)http://pul/name/1480 830 0$aMillepiani.$0(OLS)http://pul/title/49441 850 $aPUL 852 $aPUL$W1$xSL Filosofia 1$y2$m83 D 58$j98010$nBK-PRI$b $qStampati$B98010$CPULBib$Z2$F98010 $H92592 $81 941 1 $a8 996 $6020$a8884830796$9(OLS)http://pul/number/99955 996 $6245$aCorpi e libertà :$btrasformazioni antropologiche del presente$9(OLS)http://pul/title/100055 996 $6260$aMilano :$bAssociazione culturale Eterotopia$9(OLS)http://pul/publisher/74671 LEADER 01300nam a2200349 a 4500 001 000000129034 003 CaOOAMICUS 005 20120522172234.0 008 120522s1996 it a u000 u ita r 020 $z978-88-06-12446-3* 040 $aPUL$bita 041 0 $aita$alat$afre 082 04$a808.8 245 00$aBestiari medievali /$ca cura di Luigina Morini. 260 $aTorino :$bGiulio Einaudi,$c1996. 300 $aXXX, 644 p., [14] c. di tav. :$bill. ;$c23 cm 490 1 $aI millenni 500 $aInclude indici. 500 $aIn custodia. 504 $aBibliografia in nota. 546 $aTesto in italiano, latino e francese. 650 4$aBestiari.$0(OLS)http://pul/subject/33823 700 1 $aMorini, Luigina.$0(OLS)http://pul/name/75264 830 2$aI millenni.$0(OLS)http://pul/title/40827 850 $aPUL 852 $aPUL$W1$xSL Cons. Gen., Altre Classi 3$y75$m808. 8 MORLU 1$j149412$qDDC 21$B147948$CPULBib$Z2$F147948 $H119732 $82 941 1 $a9 996 $6020$z978-88-06-12446-3*$9(OLS)http://pul/number/149790 996 $6082$a808.8$9(OLS)http://pul/classification/2065 996 $6245$aBestiari medievali$9(OLS)http://pul/title/163046 996 $6260$aTorino :$bGiulio Einaudi$9(OLS)http://pul/publisher/54573